Nghề "đãi vàng" từ chim Yến
Giới thiệu chung về chim yến, kỹ thuật ấp nở và nuôi nhân tạo chim yến con, kỹ thuật xây dựng, lắp đặt trang thiết bị và vận hành nhà yến.
Bewaard in:
| Hoofdauteur: | |
|---|---|
| Formaat: | Boek |
| Taal: | Undetermined |
| Gepubliceerd in: |
Hà Nội
Nông nghiệp
2019
|
| Onderwerpen: | |
| Tags: |
Voeg label toe
Geen labels, Wees de eerste die dit record labelt!
|
| Thư viện lưu trữ: | Trung tâm Học liệu Trường Đại học Cần Thơ |
|---|
| LEADER | 00800nam a2200205Ia 4500 | ||
|---|---|---|---|
| 001 | CTU_230901 | ||
| 008 | 210402s9999 xx 000 0 und d | ||
| 020 | |c 240000 | ||
| 082 | |a 636.6862 | ||
| 082 | |b Ch513 | ||
| 100 | |a Nguyễn, Chung | ||
| 245 | 0 | |a Nghề "đãi vàng" từ chim Yến | |
| 245 | 0 | |c Nguyễn Chung | |
| 260 | |a Hà Nội | ||
| 260 | |b Nông nghiệp | ||
| 260 | |c 2019 | ||
| 520 | |a Giới thiệu chung về chim yến, kỹ thuật ấp nở và nuôi nhân tạo chim yến con, kỹ thuật xây dựng, lắp đặt trang thiết bị và vận hành nhà yến. | ||
| 650 | |a Finches,Chim yến | ||
| 650 | |x Feeding and feeds,Ăn và thức ăn | ||
| 980 | |a Trung tâm Học liệu Trường Đại học Cần Thơ | ||